000
00273nam a2200133Ia 4500
100
_a
Boyet/ H./ Katz/ R.
942
_c
BK
654
_a
Computer
245
_a
8051 Programming
260
_b
ITM Pub
_a
New York
_c
1981
082
_a
5.711
546
_a
ENGLISH
999
_c
27611
_d
27611